000
00247nam a2200097 a 4500
005
20200930073743.0
008
111006s1844 000 spa d
245
3
_a
La funesta influencia del positivismo.
260
_a
s. l.,
_c
1844.
999
_c
34027
_d
34027
040
_a
DO-SdBNP